Statistics for List of U.S. States by Date Admitted

Click here to take the quiz!

General Stats

  • This quiz has been taken 9 times
  • The average score is 40 of 50

Answer Stats

Date AdmittedState% Correct
December 7, 1787Delaware
100%
January 3, 1959Alaska
88%
February 14, 1912Arizona
88%
August 1, 1876Colorado
88%
August 21, 1959Hawaii
88%
July 3, 1890Idaho
88%
December 28, 1846Iowa
88%
January 29, 1861Kansas
88%
May 11, 1858Minnesota
88%
November 8, 1889Montana
88%
March 1, 1867Nebraska
88%
October 31, 1864Nevada
88%
December 18, 1787New Jersey
88%
January 6, 1912New Mexico
88%
November 2, 1889North Dakota
88%
November 16, 1907Oklahoma
88%
December 12, 1787Pennsylvania
88%
November 2, 1889South Dakota
88%
January 4, 1896Utah
88%
May 29, 1848Wisconsin
88%
July 10, 1890Wyoming
88%
December 14, 1819Alabama
75%
June 15, 1836Arkansas
75%
September 9, 1850California
75%
January 9, 1788Connecticut
75%
January 2, 1788Georgia
75%
December 3, 1818Illinois
75%
December 11, 1816Indiana
75%
June 1, 1792Kentucky
75%
April 30, 1812Louisiana
75%
March 15, 1820Maine
75%
April 28, 1788Maryland
75%
February 6, 1788Massachusetts
75%
January 26, 1837Michigan
75%
December 10, 1817Mississippi
75%
August 10, 1821Missouri
75%
June 21, 1788New Hampshire
75%
July 26, 1788New York
75%
November 21, 1789North Carolina
75%
March 1, 1803Ohio
75%
February 14, 1859Oregon
75%
May 29, 1790Rhode Island
75%
May 23, 1788South Carolina
75%
June 1, 1796Tennessee
75%
December 29, 1845Texas
75%
March 4, 1791Vermont
75%
June 25, 1788Virginia
75%
November 11, 1889Washington
75%
June 20, 1863West Virginia
75%
March 3, 1845Florida
63%

Score Distribution

Percentile by Number Answered

Percent of People with Each Score

Your Score History

You have not taken this quiz